Cities with the Most Airports - Statistics

General Stats
  • This quiz has been taken 153 times
  • The average score is 8 of 13
Answer Stats
Airports City % Correct
6 London
97%
6 New York City
96%
4 Paris
91%
5 Los Angeles
85%
4 Tokyo
81%
4 Moscow
77%
4 San Francisco
61%
4 Miami
57%
4 Boston
35%
5 Seattle
34%
4 Stockholm
23%
4 Melbourne
22%
6 Vancouver
18%
No matching quizzes found
Score Distribution
Percent of People with Each Score
Percentile by Number Answered
Your Score History
You have not taken this quiz